LEADER 01020nam0 2200265 450 001 000028071 005 20101214103804.0 100 $a20101214d1994----km-y0itaa50------ba 101 0 $aita 102 $aIT 200 1 $aCarteggio (1923-1956)$fLuigi Sturzo$fMario Scelba$ga cura e con una premessa di Gabriella Fanello Marcucci$gintroduzione di Francesco Malgeri 210 $aRoma$cIstututo Luigi Sturzo$d1994 215 $a391 p.$d24 cm. 676 $a324.245082$v(21. ed.)$9La vita politica. Partiti d'ispirazione cristiana 700 1$aSturzo,$bLuigi$05694 701 1$aScelba,$bMario$0253615 702 1$aFanello Marcucci,$bGabriella 702 1$aMalgeri,$bFrancesco 801 0$aIT$bUniversità della Basilicata - B.I.A.$gRICA$2unimarc 912 $a000028071 996 $aCarteggio$9624808 997 $aUNIBAS CAT $aAGD$b30$c20101214$lBAS01$h1038 FMT Z30 -1$lBAS01$LBAS01$mBOOK$1BASA1$APolo Storico-Umanistico$2GEN$BCollezione generale$3FM/109718$5L109718$820101214$f02$FPrestabile Generale LEADER 02761nam 2200601 450 001 996466855003316 005 20220425160418.0 010 $a3-540-39102-9 024 7 $a10.1007/BFb0099655 035 $a(CKB)1000000000437707 035 $a(SSID)ssj0000323670 035 $a(PQKBManifestationID)12099180 035 $a(PQKBTitleCode)TC0000323670 035 $a(PQKBWorkID)10301075 035 $a(PQKB)11407706 035 $a(DE-He213)978-3-540-39102-9 035 $a(MiAaPQ)EBC5585306 035 $a(MiAaPQ)EBC6694574 035 $a(Au-PeEL)EBL5585306 035 $a(OCoLC)1066184734 035 $a(Au-PeEL)EBL6694574 035 $a(PPN)155172751 035 $a(EXLCZ)991000000000437707 100 $a20220425d1984 uy 0 101 0 $aeng 135 $aurnn|008mamaa 181 $ctxt 182 $cc 183 $acr 200 00$aGroups - Korea 1983 $eproceedings of a conference on combinatorial group theory, held at Kyoungju, Korea, August, 26-31, 1983 /$fedited by A.C. Kim and B.H. Neumann 205 $a1st ed. 1984. 210 1$aBerlin, Heidelberg :$cSpringer-Verlag,$d[1984] 210 4$dİ1984 215 $a1 online resource (X, 190 p.) 225 1 $aLecture Notes in Mathematics ;$v1098 300 $aBibliographic Level Mode of Issuance: Monograph 311 $a3-540-13890-0 327 $aAlgorithmically insoluble problems about finitely presented solvable groups, lie, and associative algebras -- On the simple groups of order less than 105 -- On some algorithmic problems for finitely presented groups and lie algebras -- The concept of "largeness" in group theory II -- Extending groups via tree automorphisms -- HNN-constructing finite groups -- Analogues of the braid group -- Some uses of coset graphs -- Discontinuous groups -- Commutative quandles -- Metabelian groups of prime-power exponent -- Symmetric graphs and the classification of the finite simple groups -- Decision problems for infinite soluble groups -- Automorphisms and isomorphisms of integral group rings of finite groups -- On induced isomorphisms of group rings -- Über Darstellungen von Elementen und Untergruppen in freien Produkten -- On the circle groups of finite nilpotent rings. 410 0$aLecture notes in mathematics (Springer-Verlag) ;$v1098. 606 $aCombinatorial group theory$vCongresses 606 $aCombinatorial group theory 615 0$aCombinatorial group theory 615 0$aCombinatorial group theory. 676 $a512.2 702 $aKim$b A. C$g(Ann Chi),$f1938- 702 $aNeuman$b Bernhard 801 0$bMiAaPQ 801 1$bMiAaPQ 801 2$bMiAaPQ 906 $aBOOK 912 $a996466855003316 996 $aGroups - Korea 1983$979851 997 $aUNISA